Normal view
MARC view
Entry Personal Name
001 - CONTROL NUMBER
- control field: 5285
003 - CONTROL NUMBER IDENTIFIER
- control field: OSt
005 - DATE AND TIME OF LATEST TRANSACTION
- control field: 20150612170707.0
008 - FIXED-LENGTH DATA ELEMENTS
- fixed length control field: 150612|| aca||aabn | a|a d
040 ## - CATALOGING SOURCE
- Original cataloging agency: OSt
- Transcribing agency: OSt
100 ## - HEADING--PERSONAL NAME
- Personal name: Bolton, W.
- Fuller form of name: (William),
- Dates associated with a name: 1933-
670 ## - SOURCE DATA FOUND
- Source citation: Work cat.: (OSt)2036: Fox, Huw. 5283, Mathematics for engineers and technologists /, 2002.
